Statistics for Country and Capital Neighbour Connect with Jumps and Disappearing World Map: Shortest Name

Click here to take the quiz!

General Stats

  • This quiz has been taken 1,651 times
  • The average score is 215 of 392

Answers on the Map

Answers color-coded by a green-red scale on the quiz's map according to % correct below.
 

Answer Stats

HintHintCountry/Capital% Correct
802.8307.7Apia
100%
802.8307.7Samoa
95%
462.3158.9Amman
87%
487.6125Baku
87%
501.3152.5Iran
87%
478.8149.9Iraq
87%
467143Syria
87%
460.3130.6Ankara
86%
430129Athens
86%
430129Greece
86%
427.5118.5Kosovo
86%
427.6113Serbia
86%
429.5121.7Skopje
86%
437.8117.9Sofia
86%
418108Zagreb
85%
608207.9Bangkok
84%
615140.9Beijing
84%
638.6246.1Brunei
84%
616219.1Cambodia
84%
615140.9China
84%
418108Croatia
84%
583181.8Dhaka
84%
664.3290.8Dili
84%
664.3290.8East Timor
84%
624.3219.9Hanoi
84%
424.4103.1Hungary
84%
556185.9India
84%
635.5264Indonesia
84%
450.696Kiev
84%
610.3247.2Kuala Lumpur
84%
610.3194.9Laos
84%
43870.6Latvia
84%
610.3247.2Malaysia
84%
443.481.2Minsk
84%
57752Moscow
84%
597188.5Myanmar
84%
401.757Norway
84%
401.757Oslo
84%
616219.1Phnom Penh
84%
43870.6Riga
84%
57752Russia
84%
608207.9Thailand
84%
624.3219.9Vietnam
84%
635.5264Jakarta
83%
703.7282.4Port Moresby
83%
703.7282.4Papua New Guinea
82%
40489.9Berlin
81%
398.4103.5Bern
81%
386105France
81%
416.4124.2Italy
81%
372127.5Madrid
81%
386105Paris
81%
423.687.1Poland
81%
366153.5Rabat
81%
416.4124.2Rome
81%
372127.5Spain
81%
414.2100.9Austria
80%
443.481.2Belarus
80%
427.6113Belgrade
80%
42398Bratislava
80%
424.4103.1Budapest
80%
41493.8Czech Republic
80%
40489.9Germany
80%
444.4102Moldova
80%
41493.8Prague
80%
436.7107.1Romania
80%
42398Slovakia
80%
450.696Ukraine
80%
402103.1Vaduz
80%
414.2100.9Vienna
80%
423.687.1Warsaw
80%
398230.8Abuja
77%
385.7225Benin
77%
422.6209.4Chad
77%
378.2234.5Accra
76%
377202.2Bamako
76%
377219Burkina Faso
76%
447171.3Cairo
76%
347212Dakar
76%
459.1282.5Dodoma
76%
447171.3Egypt
76%
378.2234.5Ghana
76%
449.6239.5Juba
76%
465.8259.9Kenya
76%
419.3172.9Libya
76%
383232.4Lomé
76%
377202.2Mali
76%
403.3203.9Niger
76%
448.5209.5Sudan
76%
383232.4Togo
76%
466.3209.2Asmara
75%
427.6239Bangui
75%
476.4221.6Djibouti
75%
476.4221.6Djibouti (cap)
75%
466.3209.2Eritrea
75%
470234.2Ethiopia
75%
406.5264Gabon
75%
453.1256.6Kampala
75%
448.5209.5Khartoum
75%
447.8267.7Kigali
75%
465.8259.9Nairobi
75%
447.8267.7Rwanda
75%
488230Somalia
75%
453.1256.6Uganda
75%
384.2167.2Algeria
74%
384.2167.2Algiers
74%
344216Banjul
74%
407247Cameroon
74%
206190.2Cuba
74%
344216Gambia
74%
404255.8Malabo
74%
354195.5Mauritania
74%
366153.5Morocco
74%
403.3203.9Niamey
74%
398230.8Nigeria
74%
347212Senegal
74%
401148Tunis
74%
407247Yaoundé
74%
206190.2Havana
73%
495.7176.2Doha
72%
509.33187.2Muscat
72%
509.33187.2Oman
72%
495.7176.2Qatar
72%
488.3208.2Sana'a
72%
488.3208.2Yemen
72%
502182.5Abu Dhabi
71%
461.7146.8Beirut
71%
467143Damascus
71%
459157Israel
71%
462.3158.9Jordan
71%
528149.2Kabul
71%
461.7146.8Lebanon
71%
482.1179.9Riyadh
71%
482.1179.9Saudi Arabia
71%
501.3152.5Tehran
71%
460.3130.6Turkey
71%
513130.6Ashgabat
70%
533100Astana
70%
548122Bishkek
70%
545.2133.5Dushanbe
70%
533100Kazakhstan
70%
548122Kyrgyzstan
70%
545.2133.5Tajikistan
70%
525122.5Tashkent
70%
528149.2Afghanistan
69%
569.8166.5Kathmandu
69%
569.8166.5Nepal
69%
556185.9New Delhi
69%
535.7164.2Pakistan
69%
525122.5Uzbekistan
69%
218384Chile
68%
782.9320.1Fiji
68%
236319La Paz
68%
208292Lima
68%
208292Peru
68%
180.9203.6Belize
67%
180.9203.6Belmopan
67%
216.3247.5Bogotá
67%
266294Brazil
67%
14366Canada
67%
216.3247.5Colombia
67%
204265.5Ecuador
67%
177.4210Guatemala
67%
184.5210.7Honduras
67%
188.2218.1Managua
67%
151182Mexico
67%
151182Mexico City
67%
14366Ottawa
67%
198232.5Panama
67%
204265.5Quito
67%
192228San José
67%
782.9320.1Suva
67%
153129United States
67%
153129Washington D.C.
67%
545.9248.9Malé
64%
545.9248.9Maldives
63%
221197Dominican Republic
60%
218196Haiti
60%
693.3140Japan
60%
218196Port-au-Prince
60%
221197Santo Domingo
60%
693.3140Tokyo
60%
412.9141.1Malta
58%
756.2263.4Nauru
58%
680.5241.3Palau
58%
756.2263.4Yaren
58%
326.7206.9Cape Verde
57%
680.5241.3Ngerulmud
57%
326.7206.9Praia
57%
412.9141.1Valletta
57%
665.7127North Korea
55%
665.7127Pyongyang
55%
669139Seoul
55%
669139South Korea
55%
798.1328.7Nukuʻalofa
54%
798.1328.7Tonga
54%
420301.2Angola
51%
447325Harare
51%
420301.2Luanda
51%
438310Lusaka
51%
456307Malawi
51%
467309.5Maputo
51%
438310Zambia
51%
435336.1Botswana
50%
435336.1Gaborone
50%
444360.5Lesotho
50%
456307Lilongwe
50%
444360.5Maseru
50%
451.3350.1Mbabane
50%
467309.5Mozambique
50%
418328Namibia
50%
431365Pretoria
50%
431365South Africa
50%
451.3350.1Swaziland
50%
447.8272.6Burundi
49%
433267.2Kinshasa
49%
459.1282.5Tanzania
49%
470234.2Addis Ababa
48%
584.1169.4Bhutan
48%
447.8272.6Bujumbura
48%
433267.2Democratic Republic of the Congo
48%
488230Mogadishu
48%
449.6239.5South Sudan
48%
584.1169.4Thimphu
48%
347.7220.3Bissau
47%
353.3224.2Conakry
47%
354232.9Freetown
47%
353.3224.2Guinea
47%
359.2239.6Liberia
47%
368235.9Cote d'Ivoire
46%
359.2239.6Monrovia
46%
377219Ouagadougou
46%
385.7225Porto-Novo
46%
455.3143.7Cyprus
45%
36382.5Dublin
45%
36382.5Ireland
45%
37786London
45%
455.3143.7Nicosia
45%
37786United Kingdom
45%
361.7127.6Lisbon
44%
361.7127.6Portugal
44%
234373Argentina
43%
248.9339.7Asunción
43%
236319Bolivia
43%
266294Brasília
43%
234373Buenos Aires
43%
232235Caracas
43%
479.4301.4Comoros
43%
248242Guyana
43%
657220.6Manila
43%
254.9370.2Montevideo
43%
479.4301.4Moroni
43%
248.9339.7Paraguay
43%
657220.6Philippines
43%
218384Santiago
43%
652.9182.1Taipei
43%
652.9182.1Taiwan
43%
254.9370.2Uruguay
43%
209180.9Bahamas
42%
43752Finland
42%
43752Helsinki
42%
760.6232.2Majuro
42%
760.6232.2Marshall Islands
42%
397.2114.5Monaco
42%
397.2114.5Monaco (cap)
42%
209180.9Nassau
42%
414.360.5Stockholm
42%
414.360.5Sweden
42%
478.8149.9Baghdad
41%
494.3174Bahrain
41%
487162.9Kuwait
41%
487162.9Kuwait City
41%
494.3174Manama
41%
804.5282.8Funafuti
40%
804.5282.8Tuvalu
40%
425.5124Albania
39%
436.7107.1Bucharest
39%
437.8117.9Bulgaria
39%
444.4102Chișinău
39%
242.4209.5Dominica
39%
429.5121.7Macedonia
39%
427.5118.5Pristina
39%
242.4209.5Roseau
39%
425.5124Tirana
39%
39386.9Amsterdam
38%
480.5125Armenia
38%
487.6125Azerbaijan
38%
39191Belgium
38%
39191Brussels
38%
479120Georgia
38%
39386.9Netherlands
38%
479120Tbilisi
38%
480.5125Yerevan
38%
34143Iceland
37%
401.573.5Copenhagen
36%
401.573.5Denmark
36%
43964.8Estonia
36%
206200.2Jamaica
36%
206200.2Kingston
36%
34143Reykjavík
36%
43964.8Tallinn
36%
384118.7Andorra
35%
384118.7Andorra la Vella
35%
395.5260.6São Tomé
35%
395.5260.6São Tomé and Príncipe
35%
717.7235.2Federated States of Micronesia
34%
241.6220.6Grenada
34%
717.7235.2Palikir
34%
241.6220.6Saint George's
34%
683342Australia
33%
683342Canberra
33%
742.1295Honiara
33%
434.376.3Lithuania
33%
755.5318.6Port Vila
33%
742.1295Solomon Islands
33%
755.5318.6Vanuatu
33%
434.376.3Vilnius
33%
21272Kiribati
31%
614.2104.1Mongolia
31%
21272South Tarawa
31%
562235.3Sri Jayawardenepura Kotte
31%
562235.3Sri Lanka
31%
419.3172.9Tripoli
31%
401148Tunisia
31%
614.2104.1Ulaanbaatar
31%
243.2214.6Castries
30%
413106.5Ljubljana
30%
243.2214.6Saint Lucia
30%
413106.5Slovenia
30%
421113Bosnia and Herzegovina
29%
423.7117.8Montenegro
29%
423.7117.8Podgorica
29%
421113Sarajevo
29%
505.5277Seychelles
29%
505.5277Victoria
29%
248242Georgetown
28%
254.4248.1Suriname
28%
232235Venezuela
28%
246.5217Barbados
27%
416.9260.5Brazzaville
27%
246.5217Bridgetown
27%
427.6239Central African Republic
27%
404255.8Equatorial Guinea
27%
406.5264Libreville
27%
422.6209.4N'Djamena
27%
418328Windhoek
26%
447325Zimbabwe
26%
610.3194.9Vientiane
24%
192228Costa Rica
23%
535.7164.2Islamabad
23%
459157Jerusalem
23%
510.1329.1Mauritius
23%
597188.5Naypyidaw
23%
776.7391.9New Zealand
23%
188.2218.1Nicaragua
23%
510.1329.1Port Louis
23%
184.5210.7Tegucigalpa
23%
776.7391.9Wellington
23%
180.4215El Salvador
22%
177.4210Guatemala City
22%
180.4215San Salvador
22%
583181.8Bangladesh
21%
614.2256.7Singapore
21%
614.2256.7Singapore (cap)
21%
486324.3Antananarivo
20%
638.6246.1Bandar Seri Begawan
20%
242.7216.8Kingstown
20%
486324.3Madagascar
20%
242.7216.8Saint Vincent and the Grenadines
20%
394.394.2Luxembourg
19%
394.394.2Luxembourg (cap)
19%
408.5113.9San Marino
19%
408.5113.9San Marino (cap)
19%
239.4203.4Basseterre
18%
402103.1Liechtenstein
18%
354195.5Nouakchott
18%
198232.5Panama City
18%
398.4103.5Switzerland
18%
502182.5United Arab Emirates
18%
242.5226.6Port-of-Spain
17%
416.9260.5Republic of the Congo
17%
239.4203.4Saint Kitts and Nevis
17%
242.5226.6Trinidad and Tobago
17%
513130.6Turkmenistan
17%
408.5120.7Vatican City
17%
408.5120.7Vatican City (cap)
17%
241.4204Antigua and Barbuda
16%
347.7220.3Guinea-Bissau
16%
254.4248.1Paramaribo
16%
241.4204Saint John's
16%
354232.9Sierra Leone
16%
368235.9Yamoussoukro
16%

Score Distribution

Percentile by Number Answered

Percent of People with Each Score

Your Score History

You have not taken this quiz